[Event "Penang op 7th"]
[Site "Penang"]
[Date "2015.12.08"]
[Round "2"]
[White "Le, Huu Thai"]
[Black "Ng, Wee Hong Brendan"]
[Result "1-0"]
[WhiteElo "2042"]
[BlackElo "1858"]
[PlyCount "61"]
[EventDate "2015.12.07"]
[EventType "swiss"]
[EventRounds "9"]
[EventCountry "MAS"]
[SourceTitle "CBM 169 Extra"]
[Source "ChessBase"]
[SourceDate "2015.12.18"]
[SourceVersion "1"]
[SourceVersionDate "2015.12.18"]
[SourceQuality "1"]

1. d4 Nf6 2. c4 g6 3. Nc3 Bg7 4. Nf3 0-0 5. Bf4 d6 6. e3 Nfd7 7. Be2 e5 8. Bg3 Nc6 9. 0-0 h6 10. dxe5 dxe5 11. e4 Ne7 12. Qc2 f5 13. exf5 gxf5 14. Rad1 Qe8 15. Nb5 Qf7 16. Nxc7 Rb8 17. c5 Kh8 18. Bc4 Qg6 19. Rd6 Qg4 20. Be6 e4 21. Bxd7 exf3 22. Re1 Bxd7 23. Rxd7 Ng6 24. h3 Qb4 25. Re6 Nf4 26. Bxf4 Qxf4 27. Ree7 Qb4 28. Rxg7 Qe1+ 29. Kh2 Qe5+ 30. g3 Rbd8 31. Rh7+ 1-0